000
00314nam a22001337a 4500
003
SGT
020
_a
978-81-8457-675-7
082
_a
070.4
_b
CHA
100
_a
CHANDRA PANT, NAVEEN
245
_a
ELENMENTS OF INTERNET E- MAIL & JOURNALISM
260
_a
DELHI
_b
KANISHKA
_c
2015
300
_a
280
942
_2
ddc
_c
BK
999
_c
22090
_d
22090